Регионална библиотека "Любен Каравелов" - Русе

Начална книжка за черковно чтение (Запис номер 157478)

MARC детайли
000 -Лидер
Контролно поле с фиксирана дължина 01323nam a2200325 c 4500
003 - Код на организацията, давaща контролен номер
Контролно поле BLK
005 - Дата и час на последна редакция
Контролно поле 20180420234356.0
008 - Елементи от данни с фиксирана дължина
fixed length control field 180410b bul|||||r ||||||| ||bul||
010 ## - Наследен системен номер
LC control number KNG00164422000
040 ## - Източник на каталожния запис
Идентификатор на билиотеката - собственик на записа BLK
041 ## - Код за език
Код за езика на текст/звукозапис или на отделно заглавие Други славянски езици
Код за езика КДБФ Други славянски езици
Други езици Църковнославянски
072 #7 - Код за тематичната категория
Код организация bullib
Код за тематична категория С
Текст Старопечатен фонд
080 ## - УДК
Текстов определител УДК Практическо богословие. Църковна практика. Аскетична и мистична теология. Религиозна мистика
УДК код - определител по УДК 24
УДК определител
УДК - код + определител 24
139 ## - Редно поле
Редна дума Начална книжка за черковно чтение
Авторски знак Нач - Н 34
245 10 - Сведения за заглавието
Заглавие Начална книжка за черковно чтение
Подзаглавни данни От книжарницата на П. Р. Славейкова
257 ## - Страна на издаване
Страна на създаване/издаване България
260 ## - Област на издателските данни
-- Цариград
Година на издаване 1868
Печатница Цариград : В печатницата на в. "Македония"
300 ## - Физическа характеристика
Страници 16 с.
Размери/Мащаб 14 см
380 ## - Жанр
Жанр Религия. Теология
500 ## - Общи забележки
Забележка Текст на църковнослав. ез
650 #4 - Допълнително описание по предмет – тема
Основно описание – тема или топоним Богословие
9 (RLIN) 148879
653 ## - Ключова дума – ненормативна
Ключова дума богословие
653 ## - Ключова дума – ненормативна
Ключова дума църковни книги
659 ## - Тематичен бюлетин
Тематичен бюлетин С
852 ## - Местоположение
Форматна сигнатура Цб Ст 6970 * 1013
856 4# - Електронен адрес и достъп
Електронен формат pdf - файл
Път до файла /url/
856 4# - Електронен адрес и достъп
Електронен формат pdf - файл
Път до файла /url/
942 ## - АРТИКУЛИ
Вид на библиотечния материал Книги
Скрит в OPAC Не
944 ## - СЪЗДАВАНЕ И РЕДАКЦИЯ на ЗАПИСА
Създаване/Редакция Създаване
Дата на регистрацията/редакция 27.08.2014
Служител, извършил регистрацията/редакцията Христина_Везирева
944 ## - СЪЗДАВАНЕ И РЕДАКЦИЯ на ЗАПИСА
Създаване/Редакция Редакция
Дата на регистрацията/редакция 13.01.2017
Служител, извършил регистрацията/редакцията Силвестър_Спасов
999 ## - СИСТЕМНИ КОНТРОЛНИ НОМЕРА
Koha biblionumber 157478
Koha biblioitemnumber 157478
Наличности
Код за отписване Код за изгубен артикул Източник на класификационната схема Код за повреда Коз за рестрикции Код за отдаване Артикулен № Име на библиотеката - собственик Име на библиотеката, в която се намира в момента Статус (Текущо местоположение) Дата на вписване в системата Местоположение - отдел Цена в лева Инвентарен номер Систематично азбучна сигнатура Баркод Номер на екземпляра Цена в евро Служебна бележка Служебен тип на артикула
  Не е изгубен Universal Decimal Classification Не е повреден само за читалня Специални фондове ( старопечатни, редки и ценни, фонд М. Арнаудов) 263803 Регионална библиотека "Любен Каравелов" Русе Регионална библиотека "Любен Каравелов" Русе Старопечатен фонд 1868-01-01 Старопечатен фонд 0.00 434-ст Цб Ст 6970 * 1013 900000000690 1 0.00 Дост: DA Вид: Сф Дата: 01.01.1868 Дата инв: 02.04.2018 Бележки инв: СТ2018 Книги
Vip Innovations Ltd, Rousse, Bulgaria 2025